|
|
|
|
| LEADER |
00885nam a2200337 4500 |
| 001 |
DLU190193178 |
| 005 |
##20191030 |
| 020 |
# |
# |
|a 9786046845423
|
| 040 |
# |
# |
|a DLU
|b vie
|
| 041 |
# |
# |
|a vie
|
| 044 |
# |
# |
|a vn
|
| 082 |
# |
# |
|a 895.922
|b Van
|
| 245 |
# |
# |
|a Văn chương Sài Gòn 1881-1924 :
|b Văn xuôi.
|n t.II /
|c Trần Nhật Vy sưu tầm.
|
| 260 |
# |
# |
|a Tp. Hồ Chí Minh :
|b Văn hóa - Văn nghệ,
|c 2018.
|
| 300 |
# |
# |
|a 520 tr. ;
|c 23 cm.
|
| 650 |
# |
# |
|a Truyện ngắn Việt Nam,
|y 1881-1924.
|
| 650 |
# |
# |
|a Văn học Việt Nam,
|y 1881-1924.
|
| 650 |
# |
# |
|a Văn xuôi.
|
| 700 |
# |
# |
|a Trần Nhật Vy,
|e sưu tầm.
|
| 923 |
# |
# |
|a 07/2019
|
| 990 |
# |
# |
|a t.II
|
| 991 |
# |
# |
|a SH
|
| 992 |
# |
# |
|a 149000
|
| 994 |
# |
# |
|a DLU
|
| 900 |
# |
# |
|a True
|
| 911 |
# |
# |
|a Nguyễn Thanh Hương
|
| 925 |
# |
# |
|a G
|
| 926 |
# |
# |
|a A
|
| 927 |
# |
# |
|a SH
|
| 980 |
# |
# |
|a Thư viện Trường Đại học Đà Lạt
|